Phác thảo chân dung văn hoá Việt Nam /

সংরক্ষণ করুন:
গ্রন্থ-পঞ্জীর বিবরন
অন্যান্য লেখক: Trần Đình Nghiêm (chủ biên)
বিন্যাস: Sách giấy
ভাষা:Vietnamese
প্রকাশিত: H. Chính trị Quốc gia, 2000
ট্যাগগুলো: ট্যাগ যুক্ত করুন
কোনো ট্যাগ নেই, প্রথমজন হিসাবে ট্যাগ করুন!
Thư viện lưu trữ: Thư viện Trường Đại học Đà Lạt
LEADER 00696nam a2200265 4500
001 DLU030024906
005 ##20030728
008 ##030728t vn z000 vie d
040 # # |a DLU  |b vie 
041 # # |a vie 
044 # # |a vn 
082 # # |a 306.089 959 2  |b Pha 
245 # # |a Phác thảo chân dung văn hoá Việt Nam /  |c Trần Đình Nghiêm ... chủ biên 
260 # # |a H.   |b Chính trị Quốc gia,  |c 2000 
300 # # |a 778 tr. ;  |c 30 cm 
700 # # |a Trần Đình Nghiêm  |e chủ biên 
992 # # |a 320000 
994 # # |a DLU 
900 # # |a True 
911 # # |a Nguyễn An Thanh 
925 # # |a G 
926 # # |a A 
927 # # |a SH 
980 # # |a Thư viện Trường Đại học Đà Lạt